[Event "I. CLANSKA LIGA ZAHOD 2025"]
[Site "Komenda"]
[Date "2025.10.26"]
[Round "9.3"]
[White "Macek, Inti"]
[Black "Bulatovic, Milorad"]
[Result "1/2-1/2"]
[WhiteElo "1920"]
[BlackElo "1933"]
[PlyCount "138"]
[EventDate "2025.09.26"]
[WhiteTeam "SK KOMENDA"]
[BlackTeam "SK STARI MAYR KRANJ"]

1. d4 Nf6 2. c4 e6 3. Nc3 d5 4. cxd5 exd5 5. Bg5 Be7 6. Qc2 c6 7. e3 O-O 8. Bd3
Nbd7 9. Nge2 Re8 10. O-O h6 11. Bh4 Nb6 12. f3 Bd7 13. Bf2 Rc8 14. e4 dxe4 15.
Nxe4 Nfd5 16. a3 Bf8 17. Nc5 Bxc5 18. dxc5 Na8 19. Nc3 Nac7 20. Ne4 Rb8 21.
Rfe1 Bf5 22. Nd6 Rxe1+ 23. Rxe1 Bxd3 24. Qxd3 Qd7 25. b4 b6 26. Nc4 Qc8 27. Ne5
Ne6 28. cxb6 axb6 29. Rc1 Ndf4 30. Qf1 c5 31. g3 Nd5 32. Qc4 Qb7 33. Rd1 Nf6
34. Rd6 b5 35. Qe2 c4 36. Nxf7 Qxf7 37. Qxe6 Qxe6 38. Rxe6 Ra8 39. Re3 Nd5 40.
Re5 Rd8 41. Re2 Kf7 42. Kf1 g5 43. Be3 Nc3 44. Rd2 Ra8 45. Rd7+ Ke6 46. Ra7
Rxa7 47. Bxa7 Nb1 48. Ke2 Kd5 49. Bc5 h5 50. h3 Ke6 51. Bd4 Nxa3 52. Kd2 Kf5
53. Kc3 h4 54. gxh4 gxh4 55. Kb2 Kf4 56. Bf6 Kxf3 57. Bxh4 Kg2 58. Bf6 Kxh3 59.
Kxa3 Kg3 60. Kb2 Kf4 61. Kc2 Ke3 62. Bg7 Ke4 63. Kd2 Kf4 64. Bc3 Kf3 65. Bg7
Kf4 66. Ke2 Ke4 67. Bc3 Kf4 68. Bd2+ Ke4 69. Be3 Kd5 1/2-1/2

[Event "I. CLANSKA LIGA ZAHOD 2025"]
[Site "Komenda"]
[Date "2025.10.26"]
[Round "9.3"]
[White "Rici, Jurij"]
[Black "Hribar, Izak"]
[Result "1-0"]
[WhiteElo "1900"]
[BlackElo "1706"]
[PlyCount "108"]
[EventDate "2025.09.26"]
[WhiteTeam "SK STARI MAYR KRANJ"]
[BlackTeam "SK KOMENDA"]

1. e4 c5 2. Nf3 Nc6 3. d4 cxd4 4. Nxd4 g6 5. Nxc6 bxc6 6. Qd4 Nf6 7. e5 Qa5+ 8.
c3 c5 9. Qd1 Ng8 10. Bc4 Rb8 11. O-O Ba6 12. Nd2 Bg7 13. Nb3 Qb6 14. Bxa6 Qxa6
15. Qxd7+ Kxd7 16. Nxc5+ Kc8 17. Nxa6 Rb6 18. Nb4 Bxe5 19. Be3 Rb7 20. Nc6 Bb8
21. Nxb8 Kxb8 22. b3 Nf6 23. Bd4 Rd8 24. Bxf6 exf6 25. Rad1 Rbd7 26. Rxd7 Rxd7
27. a4 Rd2 28. Rc1 Rb2 29. b4 a5 30. bxa5 Ra2 31. g3 Rxa4 32. Rb1+ Ka8 33. Rb6
Rxa5 34. Rxf6 Ra7 35. Rb6 Ra3 36. Rf6 Ra7 37. Kf1 Kb8 38. Ke2 Kc8 39. h4 Kd8
40. Kd3 Rd7+ 41. Ke4 Ke7 42. Rf3 f5+ 43. Ke5 Rd6 44. c4 Re6+ 45. Kd4 Rd6+ 46.
Kc5 Kd7 47. g4 Ra6 48. gxf5 gxf5 49. Kb5 Rf6 50. c5 Kc7 51. Rg3 Rf7 52. Ra3 Kb7
53. c6+ Kb8 54. Kb6 Rb7+ 1-0

[Event "I. CLANSKA LIGA ZAHOD 2025"]
[Site "Komenda"]
[Date "2025.10.26"]
[Round "9.4"]
[White "Jocev, Milan"]
[Black "Brezovar, Matjaz"]
[Result "1-0"]
[WhiteElo "2206"]
[BlackElo "2185"]
[PlyCount "89"]
[EventDate "2025.09.26"]
[WhiteTeam "SK TRZIN"]
[BlackTeam "SK DOLENJSKE TOPLICE"]

1. d4 g6 2. c4 Bg7 3. Nf3 d6 4. g3 Nc6 5. Nc3 Bg4 6. d5 Bxf3 7. exf3 Nd4 8. h4
h5 9. Bh3 c5 10. Qa4+ Kf8 11. Qd1 Nf6 12. O-O Ne8 13. Re1 Nc7 14. Rb1 Bh6 15.
Be3 Bg7 16. Kg2 b6 17. Qd3 a5 18. Rbd1 Rb8 19. Rd2 Qe8 20. Bg5 f6 21. Be3 Nf5
22. Bxf5 gxf5 23. Qxf5 Qc8 24. Qd3 Qd7 25. a4 Kf7 26. Rde2 Rbg8 27. Bf4 Bf8 28.
Re6 Qd8 29. R6e2 Rg7 30. Nd1 Kg8 31. Ne3 Rhh7 32. Nf5 Rf7 33. Bd2 Kh8 34. Bc3
Ne8 35. Re6 Nc7 36. R6e3 Ne8 37. Qc2 Ng7 38. Nxg7 Rhxg7 39. Qb3 Rg6 40. Re6 Kg8
41. Qb5 Rh7 42. Qc6 Kf7 43. Bd2 Kg8 44. Bf4 Rf7 45. R6e3 1-0

[Event "I. CLANSKA LIGA ZAHOD 2025"]
[Site "Komenda"]
[Date "2025.10.26"]
[Round "9.4"]
[White "Stubljar, Andrej"]
[Black "Sivic, Jernej"]
[Result "1-0"]
[WhiteElo "1995"]
[BlackElo "2095"]
[PlyCount "87"]
[EventDate "2025.09.26"]
[WhiteTeam "SK DOLENJSKE TOPLICE"]
[BlackTeam "SK TRZIN"]

1. h4 d5 2. d4 c5 3. e3 Nc6 4. Nf3 Bg4 5. c4 Nf6 6. Nc3 cxd4 7. exd4 Bxf3 8.
gxf3 e6 9. Be3 Be7 10. h5 Qb6 11. c5 Qxb2 12. Nb5 Bd8 13. Be2 Nb4 14. Rc1 Nxa2
15. Rb1 Ba5+ 16. Kf1 Nc3 17. Rxb2 Nxd1 18. Bxd1 O-O 19. Ra2 b6 20. Be2 Rfc8 21.
h6 Nd7 22. hxg7 Bb4 23. Rxa7 Rxa7 24. Nxa7 Ra8 25. cxb6 Nxb6 26. Nc6 Bd6 27.
Kg2 Kxg7 28. Bd3 f5 29. Rh6 Re8 30. Bxf5 exf5 31. Rxd6 Nc4 32. Bh6+ Kg8 33.
Rxd5 Re6 34. Rc5 Nb2 35. Bc1 Nd3 36. Rc3 Ne1+ 37. Kf1 Nxf3 38. Rxf3 Rxc6 39.
Ba3 Rf6 40. d5 Kf7 41. Bc5 f4 42. Ke2 h5 43. Kd3 Kg6 44. Ke4 1-0

[Event "I. CLANSKA LIGA ZAHOD 2025"]
[Site "Komenda"]
[Date "2025.10.26"]
[Round "9.4"]
[White "Krupenko, Peter"]
[Black "Pucelj, Joze"]
[Result "1-0"]
[WhiteElo "1968"]
[BlackElo "1969"]
[PlyCount "59"]
[EventDate "2025.09.26"]
[WhiteTeam "SK TRZIN"]
[BlackTeam "SK DOLENJSKE TOPLICE"]

1. c4 g6 2. g3 Bg7 3. Nc3 e5 4. Nf3 d6 5. Bg2 Nc6 6. O-O f5 7. d3 Nf6 8. d4 O-O
9. dxe5 Nxe5 10. Nxe5 dxe5 11. e4 c6 12. b3 Qd4 13. Qc2 Nxe4 14. Nxe4 Qxa1 15.
Nc3 f4 16. Bb2 Bf5 17. Be4 Bxe4 18. Nxe4 Qxa2 19. Ra1 Qxa1+ 20. Bxa1 fxg3 21.
hxg3 Rf3 22. Kg2 Raf8 23. Bc3 h5 24. Qd1 R3f5 25. Qd6 Kh7 26. Qe7 b5 27. Bd2
bxc4 28. bxc4 a6 29. Be3 Kh8 30. Qe6 1-0

[Event "I. CLANSKA LIGA ZAHOD 2025"]
[Site "Komenda"]
[Date "2025.10.26"]
[Round "9.4"]
[White "Voglar, Peter"]
[Black "Suhadolnik, Jernej"]
[Result "0-1"]
[WhiteElo "1954"]
[BlackElo "1887"]
[PlyCount "102"]
[EventDate "2025.09.26"]
[WhiteTeam "SK DOLENJSKE TOPLICE"]
[BlackTeam "SK TRZIN"]

1. d4 b5 2. Nf3 e6 3. Bf4 d6 4. e4 a6 5. Bd3 h6 6. c3 g5 7. Bg3 Nd7 8. h3 Ne7
9. Nbd2 Bg7 10. Qe2 Nb6 11. Rd1 f5 12. Ng1 h5 13. f3 h4 14. Bf2 Ng6 15. Bb1 Nf4
16. Qf1 fxe4 17. Bxe4 d5 18. Bb1 Qf6 19. Ne2 Bd7 20. Nxf4 gxf4 21. Qd3 Kf7 22.
b3 e5 23. O-O Qg5 24. Kh1 Rae8 25. Rde1 Rhg8 26. Rg1 exd4 27. Rxe8 Rxe8 28.
cxd4 Nc8 29. Nf1 Nd6 30. Nh2 Nf5 31. Ng4 Ng3+ 32. Kh2 Bf5 33. Qd1 Re2 34. Bxf5
Qxf5 35. a4 Qc2 36. axb5 axb5 37. Qxc2 Rxc2 38. Rd1 Ke6 39. Be1 Rb2 40. Nf2
Rxb3 41. Nd3 Kf5 42. Nb4 Nf1+ 43. Kh1 Ne3 44. Rc1 Bxd4 45. Nc6 Bb6 46. Bxh4 d4
47. Bd8 Rc3 48. Nxd4+ Bxd4 49. Rxc3 Bxc3 50. Bxc7 b4 51. Ba5 Nc4 0-1

[Event "I. CLANSKA LIGA ZAHOD 2025"]
[Site "Komenda"]
[Date "2025.10.26"]
[Round "9.4"]
[White "Porenta, Matija"]
[Black "Janko, Roman"]
[Result "0-1"]
[WhiteElo "1831"]
[BlackElo "1890"]
[PlyCount "90"]
[EventDate "2025.09.26"]
[WhiteTeam "SK TRZIN"]
[BlackTeam "SK DOLENJSKE TOPLICE"]

1. e4 e6 2. d4 d5 3. Nc3 Nf6 4. Bg5 Be7 5. e5 Nfd7 6. Bxe7 Qxe7 7. f4 a6 8. Nf3
c5 9. dxc5 Nc6 10. Bd3 Qxc5 11. Qe2 Qb4 12. O-O-O Qxf4+ 13. Kb1 Ndxe5 14. Nxe5
Qxe5 15. Qg4 f5 16. Qh5+ g6 17. Qh6 Kf7 18. Rhf1 Qg7 19. Qf4 e5 20. Qf2 d4 21.
Ne4 Qf8 22. Qh4 Kg7 23. g4 Qe7 24. g5 h6 25. gxh6+ Rxh6 26. Qg3 fxe4 27. Bxe4
Bd7 28. Rg1 Qe6 29. Rde1 Rf8 30. Re2 Qf6 31. a3 Qf4 32. Qb3 Nd8 33. Qb6 Qf6 34.
Qc7 Rf7 35. Qa5 Nc6 36. Qc5 Qe7 37. Qb6 Rf6 38. Qxb7 Nd8 39. Qc7 Nc6 40. Qb6 a5
41. Reg2 Qf7 42. Qb5 Nb4 43. Qxe5 Nc6 44. Rxg6+ Rhxg6 45. Rxg6+ Qxg6 0-1

[Event "I. CLANSKA LIGA ZAHOD 2025"]
[Site "Komenda"]
[Date "2025.10.26"]
[Round "9.4"]
[White "Janko, Marko"]
[Black "Konvalinka, Kostja"]
[Result "1-0"]
[WhiteElo "1717"]
[BlackElo "1704"]
[PlyCount "85"]
[EventDate "2025.09.26"]
[WhiteTeam "SK DOLENJSKE TOPLICE"]
[BlackTeam "SK TRZIN"]

1. e4 c5 2. Nf3 d6 3. d4 cxd4 4. Nxd4 Nf6 5. Nc3 g6 6. Be3 Bg7 7. Qd2 O-O 8.
Bc4 Nc6 9. f3 Na5 10. Be2 Re8 11. g4 Nc6 12. Nb3 Be6 13. h4 Ne5 14. Nd4 Bc4 15.
f4 Nfxg4 16. fxe5 Nxe3 17. Qxe3 Bxe2 18. Ndxe2 Bxe5 19. O-O-O h5 20. Rdg1 Kh7
21. Qf3 f6 22. Nf4 Bxf4+ 23. Qxf4 Rg8 24. Nd5 Qf8 25. Kb1 Re8 26. Nc7 Rc8 27.
Ne6 Qh6 28. Qf3 Rc4 29. Rg2 Rgc8 30. Rhg1 Rg8 31. Nf4 f5 32. Rxg6 Rxg6 33. Rxg6
Qxg6 34. Nxg6 Rxe4 35. Qxh5+ Kg7 36. b3 e6 37. Ne7 Rg4 38. Nxf5+ exf5 39. Qxf5
Rg1+ 40. Kb2 Kh6 41. Qf4+ Kh5 42. Qxd6 Kxh4 43. Qh2+ 1-0

[Event "I. CLANSKA LIGA ZAHOD 2025"]
[Site "Komenda"]
[Date "2025.10.26"]
[Round "9.5"]
[White "Stevanic, David"]
[Black "Praznik, Niko"]
[Result "1/2-1/2"]
[WhiteElo "2311"]
[BlackElo "2297"]
[PlyCount "71"]
[EventDate "2025.09.26"]
[WhiteTeam "SK KOCEVJE"]
[BlackTeam "SD VRHNIKA"]

1. e4 g6 2. d4 Bg7 3. Nc3 d6 4. f4 Nd7 5. Nf3 a6 6. Bd3 b5 7. e5 e6 8. O-O Ne7
9. Ne4 Nb6 10. b3 Bb7 11. Ba3 Nf5 12. Qe2 Nd5 13. Qd2 dxe5 14. dxe5 Nde3 15.
Rf2 Ng4 16. Re2 Nd4 17. Ree1 Nxf3+ 18. gxf3 Qd4+ 19. Kg2 O-O-O 20. Bc5 Qd5 21.
Qb4 f5 22. fxg4 fxe4 23. Bxe4 Qd2+ 24. Kg3 g5 25. Qxd2 Rxd2 26. Bxb7+ Kxb7 27.
fxg5 Re8 28. b4 Rxc2 29. Rad1 Kc6 30. h4 Rc3+ 31. Kf4 Rc4+ 32. Re4 Rc3 33. Re3
Rc4+ 34. Re4 Rc3 35. Rde1 Rc4 36. Rxc4 1/2-1/2

[Event "I. CLANSKA LIGA ZAHOD 2025"]
[Site "Komenda"]
[Date "2025.10.26"]
[Round "9.5"]
[White "Justin, Matjaz"]
[Black "Acimovic, Vasja"]
[Result "1-0"]
[WhiteElo "2210"]
[BlackElo "2285"]
[PlyCount "83"]
[EventDate "2025.09.26"]
[WhiteTeam "SD VRHNIKA"]
[BlackTeam "SK KOCEVJE"]

1. e4 c5 2. Nf3 Nc6 3. Nc3 Nf6 4. d4 cxd4 5. Nxd4 e5 6. Ndb5 d6 7. Bg5 a6 8.
Na3 b5 9. Nd5 Be7 10. Bxf6 Bxf6 11. c3 Bg5 12. Nc2 Rb8 13. a4 bxa4 14. Ncb4
Nxb4 15. Nxb4 Bd7 16. Bxa6 Qa5 17. Bd3 O-O 18. O-O Rb6 19. Bc2 Ra8 20. Qh5 h6
21. Rfd1 Qc5 22. Bb3 Be8 23. Rd3 Ra7 24. h4 Bd8 25. Bd5 Kh7 26. g3 g6 27. Qf3
Qc8 28. b3 a3 29. Bc4 f5 30. h5 a2 31. Qd1 fxe4 32. Rxd6 Rd7 33. hxg6+ Kg7 34.
Rxd7+ Bxd7 35. Rxa2 e3 36. Qd5 Be6 37. Ra7+ Kf6 38. Qf3+ Kg5 39. Qxe3+ Kxg6 40.
Qxe5 Bf5 41. Rg7+ Kh5 42. Be2# {nejasno lovec g4 (46)} 1-0

[Event "I. CLANSKA LIGA ZAHOD 2025"]
[Site "Komenda"]
[Date "2025.10.26"]
[Round "9.5"]
[White "Acimovic, Sergej"]
[Black "Siraj, Svit"]
[Result "1/2-1/2"]
[WhiteElo "2167"]
[BlackElo "2122"]
[PlyCount "96"]
[EventDate "2025.09.26"]
[WhiteTeam "SK KOCEVJE"]
[BlackTeam "SD VRHNIKA"]

1. d4 d5 2. c4 e6 3. Nc3 Nf6 4. cxd5 exd5 5. Bg5 Nbd7 6. e3 c6 7. Bd3 Be7 8.
Nf3 h6 9. Bh4 Ne4 10. Bxe7 Qxe7 11. O-O O-O 12. Qc2 Re8 13. Rab1 a5 14. Bxe4
dxe4 15. Nd2 Nf6 16. Na4 Nd5 17. a3 f5 18. Nc3 Be6 19. Nxd5 Bxd5 20. Qc5 Qf7
21. Rbe1 b6 22. Qc3 Ra7 23. f3 exf3 24. Nxf3 Qg6 25. Rf2 Bxf3 26. Rxf3 Rf7 27.
Ref1 Qe6 28. Qd3 Ref8 29. Qc3 Rf6 30. Rc1 Qd5 31. Qc4 Rd8 32. Kf1 Kf7 33. Ke2
Qxc4+ 34. Rxc4 Ke7 35. Rf1 Rd5 36. b4 b5 37. Rc5 Rxc5 38. dxc5 axb4 39. axb4
Rg6 40. g3 Rg4 41. Rf4 Rxf4 42. exf4 Ke6 43. Ke3 Kd5 44. Kd3 h5 45. h3 h4 46.
gxh4 g6 47. h5 gxh5 48. h4 Ke6 1/2-1/2

[Event "I. CLANSKA LIGA ZAHOD 2025"]
[Site "Komenda"]
[Date "2025.10.26"]
[Round "9.5"]
[White "Zlindra, Aljaz"]
[Black "Zuzek, Bor"]
[Result "1/2-1/2"]
[WhiteElo "1995"]
[BlackElo "2073"]
[PlyCount "74"]
[EventDate "2025.09.26"]
[WhiteTeam "SD VRHNIKA"]
[BlackTeam "SK KOCEVJE"]

1. e4 c5 2. Nf3 d6 3. d4 cxd4 4. Nxd4 Nf6 5. Nc3 Nc6 6. Bg5 g6 7. Bxf6 exf6 8.
Bb5 Bd7 9. O-O Bg7 10. Nb3 a6 11. Bc4 Ne5 12. Bd5 Nc6 13. Qd2 O-O 14. Rad1 Rc8
15. Qf4 Qc7 16. Bxc6 Bxc6 17. Qxd6 Qxd6 18. Rxd6 Rfe8 19. f3 f5 20. exf5 gxf5
21. Nd4 Bf8 22. Nxf5 Re5 23. Rf6 Rd8 24. Nh6+ Bxh6 25. Rxh6 Rd2 26. Rh4 Rxc2
27. Rb4 b5 28. Rf2 Re1+ 29. Rf1 Re5 30. Rf2 Re1+ 31. Rf1 Rxf1+ 32. Kxf1 a5 33.
Rg4+ Kf8 34. Nd1 Bd5 35. Ne3 Rc1+ 36. Ke2 Bxa2 37. Rg5 Bc4+ 1/2-1/2

[Event "I. CLANSKA LIGA ZAHOD 2025"]
[Site "Komenda"]
[Date "2025.10.26"]
[Round "9.5"]
[White "Mestek, Igor"]
[Black "Vodnik, Val"]
[Result "1-0"]
[WhiteElo "2032"]
[BlackElo "1777"]
[PlyCount "35"]
[EventDate "2025.09.26"]
[WhiteTeam "SK KOCEVJE"]
[BlackTeam "SD VRHNIKA"]

1. Nf3 d5 2. e4 dxe4 3. Ng5 e5 4. Nxe4 f5 5. Ng3 Nf6 6. Bc4 Bc5 7. Qe2 Nc6 8.
c3 Qe7 9. b4 f4 10. bxc5 fxg3 11. hxg3 Qxc5 12. d4 Qe7 13. Ba3 Qd8 14. d5 Nxd5
15. Qh5+ g6 16. Qxg6+ hxg6 17. Rxh8+ Kd7 18. Rxd8+ 1-0

[Event "I. CLANSKA LIGA ZAHOD 2025"]
[Site "Komenda"]
[Date "2025.10.26"]
[Round "9.5"]
[White "Sever, Gasper"]
[Black "Bajo, Tin"]
[Result "1-0"]
[WhiteElo "1856"]
[BlackElo "2010"]
[PlyCount "55"]
[EventDate "2025.09.26"]
[WhiteTeam "SD VRHNIKA"]
[BlackTeam "SK KOCEVJE"]

1. e4 e5 2. Nc3 Nf6 3. Bc4 Nxe4 4. Qh5 Nd6 5. Qxe5+ Qe7 6. Qxe7+ Bxe7 7. Be2
Nf5 8. Nf3 Nc6 9. Nb5 Bd8 10. g4 Nfe7 11. d4 a6 12. Nc3 d5 13. Rg1 f6 14. h4
Be6 15. Bf4 Kd7 16. Na4 b6 17. b3 Ng6 18. Be3 Be7 19. c4 Kc8 20. a3 Na5 21. h5
Nf8 22. Nd2 Kb7 23. Bf3 Rd8 24. b4 b5 25. cxd5 bxa4 26. d6+ Nc6 27. dxe7 Rd7
28. e8=Q 1-0